000
00261nam a2200097Ia 4500
001
797679
005
20250826170812.0
008
250824s9999 xx 000 0 und d
245
0
_a
DEVLETİN GİZLİ SIRLARI HEYET 2
_c
HALİL YAŞAR KOLLU
260
_b
LOPUS YAYINLARI
999
_c
797679
_d
797679